[Event "SD-2018-0-00287"]
[Site "LSS email"]
[Date "2018.03.10"]
[Round "?"]
[White "Owens, Johnny"]
[Black "Helmbrecht, John R"]
[Result "0-1"]
[WhiteElo "1515"]
[BlackElo "1373"]
[PlyCount "50"]
[EventDate "2017.12.05"]
[EventType "tourn (corr)"]
[EventRounds "6"]
[EventCountry "GER"]
[SourceTitle "Corr 2022"]
[Source "ChessBase"]
[SourceDate "2021.10.24"]
[SourceVersion "1"]
[SourceVersionDate "2021.10.24"]
[SourceQuality "1"]

1. d4 d5 2. Bf4 Nf6 3. e3 g6 4. c3 Bg7 5. Nd2 c6 6. Ngf3 Nbd7 7. Be2 0-0 8. h3 Re8 9. 0-0 b6 10. a4 a5 11. Re1 Nh5 12. Bh2 Nhf6 13. Qc2 Bb7 14. Rad1 Ba6 15. e4 dxe4 16. Bxa6 Rxa6 17. Nxe4 Nd5 18. h4 N7f6 19. Neg5 Nd7 20. Nxf7 Kxf7 21. Qe2 e5 22. Qxa6 exd4 23. Rxe8 Qxe8 24. Re1 Qd8 25. Qb7 Kg8 0-1

[Event "LSS No Engine Cup 177 Preliminary 0"]
[Site "LSS email"]
[Date "2018.02.10"]
[Round "?"]
[White "Amuso, Jose Alberto"]
[Black "Helmbrecht, John R"]
[Result "0-1"]
[WhiteElo "1355"]
[BlackElo "1826"]
[PlyCount "76"]
[EventDate "2018.02.11"]
[EventType "tourn (corr)"]
[EventRounds "6"]
[EventCountry "GER"]
[SourceTitle "Corr 2022"]
[Source "ChessBase"]
[SourceDate "2021.10.24"]
[SourceVersion "1"]
[SourceVersionDate "2021.10.24"]
[SourceQuality "1"]

1. Nf3 d5 2. Nc3 Nf6 3. d3 Bg4 4. e3 e6 5. h3 Bh5 6. g4 Bg6 7. Ne5 Bd6 8. Nxg6 hxg6 9. Bg2 Nc6 10. d4 Qd7 11. 0-0 0-0-0 12. Nb5 Be7 13. a3 Ne4 14. Bxe4 dxe4 15. c4 Rxh3 16. Kg2 Rdh8 17. Rg1 Kb8 18. Bd2 a6 19. Nc3 f5 20. Qe2 Rh2+ 21. Kf1 Bf6 22. gxf5 gxf5 23. Rg2 Qf7 24. f4 Rh1+ 25. Rg1 Rxg1+ 26. Kxg1 Rh4 27. Rf1 Qg6+ 28. Qg2 Rg4 29. Rf2 Rxg2+ 30. Rxg2 Qf7 31. Ne2 Ne7 32. Ba5 Ng6 33. Nc3 b6 34. Bb4 a5 35. Bxa5 bxa5 36. Nb5 Nh4 37. Rc2 Qh5 38. Rh2 Nf3+ 0-1